Dôležité osobné prekážky v práci
Dôležitou osobnou prekážkou v práci je taká prekážka, ktorá je prejavom individuálnej potreby alebo záujmu zamestnanca riešiť svoje osobné, rodinné alebo životné situácie. Z pohľadu mzdovej praxe ich môžeme rozdeliť do troch skupín, ktoré buď prepláca zamestnávateľ podľa zásad uvedených najmä v § 14...
Gespeichert in:
| 1. Verfasser: | |
|---|---|
| Format: | Buchkapitel |
| Sprache: | Slowakisch |
| Schlagworte: | |
| Tags: |
Keine Tags, Fügen Sie das erste Tag hinzu!
|
MARC
| LEADER | 00000naa a2200000 4500 | ||
|---|---|---|---|
| 001 | 0300064 | ||
| 005 | 20240626114001.1 | ||
| 041 | 0 | |a slo | |
| 044 | |a SK | ||
| 245 | 1 | 0 | |a Dôležité osobné prekážky v práci |c Zuzana Cingelová |
| 520 | |a Dôležitou osobnou prekážkou v práci je taká prekážka, ktorá je prejavom individuálnej potreby alebo záujmu zamestnanca riešiť svoje osobné, rodinné alebo životné situácie. Z pohľadu mzdovej praxe ich môžeme rozdeliť do troch skupín, ktoré buď prepláca zamestnávateľ podľa zásad uvedených najmä v § 141 Zákonníka práce, alebo sú platené zo systému sociálneho poistenia, alebo ide o prekážky, ktoré síce zamestnávateľ ospravedlňuje, ale nie sú zamestnancovi preplatené. Kedy musí zamestnávateľ vždy ospravedlniť neprítomnosť zamestnanca? | ||
| 610 | 2 | 0 | |a zamestnanci |
| 610 | 2 | 0 | |a zamestnávatelia |
| 610 | 2 | 0 | |a prekážky v práci |
| 610 | 2 | 0 | |a voľno pracovné |
| 610 | 2 | 0 | |a náhrada mzdy |
| 610 | 2 | 0 | |a poistenie sociálne |
| 610 | 2 | 0 | |a zákonník práce |
| 100 | 1 | |a Cingelová, Zuzana | |